University Home | Library Home | Institutional Repository

Accumulation on a world scale Vol. 1. (Record no. 168883)

MARC details
000 -LEADER
fixed length control field 00633cam2a220021700 4500
001 - CONTROL NUMBER
control field zam00002409
008 - FIXED-LENGTH DATA ELEMENTS--GENERAL INFORMATION
fixed length control field 951128s1974 xx eng u
035 ## - SYSTEM CONTROL NUMBER
System control number (Sirsi) r19776
035 ## - SYSTEM CONTROL NUMBER
System control number (MACHINE)SLC.
100 0# - MAIN ENTRY--PERSONAL NAME
Personal name A. S. Amin, 1929-
Dates associated with a name A. S. Amin, 1929-
Linkage A80710.1
245 10 - TITLE STATEMENT
Title Accumulation on a world scale Vol. 1.
260 ## - PUBLICATION, DISTRIBUTION, ETC.
Date of publication, distribution, etc. 1974.
591 ## -
-- Class code: H 240.
591 ## -
-- Course: Studies in the growth of capitalism.
591 ## -
-- School: S05.
591 ## -
-- Lecturer: Dr. KALIKITI, W.S.
591 ## -
-- Number of Students: 12.
949 ## - LOCAL PROCESSING INFORMATION (OCLC)
a HG3881
w lcc
m MAIN
t BOOK
l ON-SHELF
909 ## -
-- Book

No items available.

© 2026 - The University of Zambia Library - Koha v25.11